Normal view
MARC view
Entry Topical Term
001 - CONTROL NUMBER
- control field: 51561
003 - CONTROL NUMBER IDENTIFIER
- control field: ARRUPE
005 - DATE AND TIME OF LATEST TRANSACTION
- control field: 20220513082703.0
008 - FIXED-LENGTH DATA ELEMENTS
- fixed length control field: 220513|| aca||aabn | a|a d
040 ## - CATALOGING SOURCE
- Original cataloging agency: ARRUPE
- Transcribing agency: ARRUPE
150 ## - HEADING--TOPICAL TERM
- Topical term or geographic name as entry element: Axiomatic set theory
670 ## - SOURCE DATA FOUND
- Source citation: Work cat.: (ARRUPE)131418: Suppes, Patrick, 1922-2014. 51560, Axiomatic set theory,, [1972]